000 00775nam a2200229Ii 4500
003 JO-AjNU
008 230605s9999||||xx |||||||||||||| ||und||
017 _a2010/10/3901
020 _a978-9957-16-691-5
040 _aJO-AjNU
_bara
_erda
_cJO-AjNU
041 _aara
050 1 4 _aHD9000.5.S53.2012
100 3 _aشلاش،عنبر ابراهيم,
_eauthor
_933894
245 0 0 _aالتسويق الزراعي=Agricultural Marketing
250 _aط1
264 3 1 _aعمان:دار الثقافة للنشر والتوزيع،2012
300 _a303ص
336 _atext
_btxt
_2rdacontent
337 _aunmediated
_bn
_2rdamedia
338 _avolume
_bnc
_2rdacarrier
650 4 _aالإنتاج الزراعي - تسويق -الصناعات الغذائية 
_933895
999 _aA13841
_c17409
_d17409